| 000 | 01259nam0a22002891 4500 | ||
|---|---|---|---|
| 001 | rc\3542153 | ||
| 005 | 20260407044223.0 | ||
| 021 |
_aRU _b[75-13124] |
||
| 035 | _a(NLR Aleph) 007670112 | ||
| 090 |
_a6424720 _c6424721 |
||
| 100 | _a20130115d1974 |||y0rusy50 ca | ||
| 101 | 0 | _arus | |
| 102 | _aRU | ||
| 105 | _aa z ||||| | ||
| 200 | 1 |
_aВопросы диагностики автомобилей и автоматизации строительства _eСборник науч. трудов _f[Ред. канд. техн. наук Е.Л. Собакин] _gТом. инж.-строит. ин-т |
|
| 210 |
_aТомск _cИзд-во Том. ун-та _d1974 |
||
| 215 |
_a125 с. _cчерт. _d20 |
||
| 320 | _aСписки лит. в конце работ | ||
| 606 |
_aСтроительные работы _xАвтоматизация _jСборники _2psbo |
||
| 606 |
_aАвтомобили _xТехническая диагностика _jСборники _2psbo |
||
| 702 | 1 |
_aСобакин _bЕ.Л. _4340 |
|
| 712 | 0 | 2 |
_aТомский инженерно-строительный институт _3RU\NLR\AUTH\8810016780 _9531414 |
| 801 | 0 |
_aRU _bNLR _gpsbo |
|
| 801 | 1 |
_aRU _bELAR _2rusmarc |
|
| 852 |
_aNLR _j75-5/42 |
||
| 942 | _cBOOK | ||
| 980 | _aNB | ||